Statistics for The Real Names Of Rappers

Click here to take the quiz!

General Stats

  • This quiz has been taken 7 times
  • The average score is 5 of 15

Answer Stats

HintAnswer% Correct
EminemMarshall Mathers III
75%
Dr. DreAndre Young
50%
Snoop DoggCalvin Broadus Jr.
50%
Juice WRLDJarad Higgins
50%
Jay-ZShawn Carter
50%
NLE ChoppaBryson Potts
25%
Notorious B.I.GChristopher Wallace
25%
XXXTENTACIONJahseh Onfroy
25%
NBA YoungBoyKentrell Gaulden
25%
FutureNayvadius Cash
25%
Ice CubeO'Shea Jackson Jr.
25%
21 SavageSheyaa Bin-Abraham Joseph
25%
Lil Uzi VertSymere Woods
25%
Polo GTaurus Tremani Bartlett
25%
50 CentCurtis Jackson III
0%

Score Distribution

Percentile by Number Answered

Percent of People with Each Score

Your Score History

You have not taken this quiz